| 000 | 02315nam0a2200385 4500 | ||
|---|---|---|---|
| 001 | RU\NLR\BIBL_A\022651498 | ||
| 005 | 20260420055219.0 | ||
| 010 |
_a978-5-238-04024-0 _91000 |
||
| 021 |
_aRU _bКН-П-25-052916 _9КН-П-25-5103 |
||
| 035 | _a(NLR Aleph) 022651498 | ||
| 090 |
_a13685694 _c13685694 |
||
| 100 | _a20251022d2025 u y0rusy50 ca | ||
| 101 | 0 | _arus | |
| 102 | _aRU | ||
| 105 | _aab j 010yy | ||
| 181 | 0 |
_ai _baxxe |
|
| 182 | 0 | _an | |
| 200 | 1 |
_aОбщая география мира и России _eучебник для студентов высших учебных заведений, обучающихся по направлениям "География", "Международные отношения", "Экология и природопользование", "Экономика" _fВ. А. Горбанёв |
|
| 203 |
_aТекст _bвизуальный _cнепосредственный |
||
| 205 | _a3-е изд., перераб. и доп. | ||
| 210 |
_aМосква _cЮНИТИ _cЮНИТИ-ДАНА _d2025 |
||
| 215 |
_a711 с. _cил., цв. ил., карт. _d24 |
||
| 225 | 1 | _aСерия "Географические науки" | |
| 300 | _aНа тит. л.: К 80 летию Победы в Великой Отечественной войне | ||
| 300 | _aНа 4-й с. обл. авт.: Горбанёв В. А. - проф., д-р геогр. наук, канд. ист. наук, д. чл. Комиссии образования Междунар геогр. союза (МГС) | ||
| 320 | _aБиблиогр.: с. 674 (21 назв.) и в подстроч. примеч. | ||
| 607 |
_aСтраны мира _jУчебники для высших учебных заведений _xГеография _92512249 _3RU\NLR\AUTH\661489206 |
||
| 607 |
_aРоссийская Федерация _jУчебники для высших учебных заведений _xГеография _91356659 _3RU\NLR\AUTH\66252630 |
||
| 686 | 1 | _aД890(2Р)я73-1 | |
| 686 | 1 | _aД890(0)я73-1 | |
| 700 | 1 |
_aГорбанёв _bВ. А. _cд-р геогр. наук, канд. ист. наук _f1944- _gВладимир Афанасьевич _9192141 _3RU\NLR\AUTH\770192192 |
|
| 942 | _cBOOK | ||
| 980 | _aNB | ||